000 00305 a2200145 4500
001 194761
040 _cMagnum
100 _aHeck, Lenira Almeida
240 1 0 _aO peixinho e o gato
_lpor
245 1 0 _aO peixinho e o gato
300 _a22
362 0 _a2005
697 _aLITERATURA GERAL
942 _cBK
999 _c194761
_d194761